Experiencing residential segregation: a contemporary study of Washington, D.C. (Record no. 56387)

000 -LEADER
fixed length control field 00472pab a2200169 454500
008 - FIXED-LENGTH DATA ELEMENTS--GENERAL INFORMATION
fixed length control field 180718b2002 xxu||||| |||| 00| 0 eng d
100 ## - MAIN ENTRY--PERSONAL NAME
Personal name Squires, Gregory D.
245 ## - TITLE STATEMENT
Title Experiencing residential segregation: a contemporary study of Washington, D.C.
260 ## - PUBLICATION, DISTRIBUTION, ETC.
Date of publication, distribution, etc. 2002
300 ## - PHYSICAL DESCRIPTION
Extent p.155-83.
362 ## - DATES OF PUBLICATION AND/OR SEQUENTIAL DESIGNATION
Dates of publication and/or sequential designation Nov
650 ## - SUBJECT ADDED ENTRY--TOPICAL TERM
Topical term or geographic name entry element Racial segregration
700 ## - ADDED ENTRY--PERSONAL NAME
Personal name Saidat, Catherine E.
700 ## - ADDED ENTRY--PERSONAL NAME
Personal name Friedman, Somantha
773 ## - HOST ITEM ENTRY
Main entry heading Urban Affairs Review
909 ## -
-- 56387
Holdings
Withdrawn status Lost status Damaged status Not for loan Permanent Location Current Location Date acquired Serial Enumeration / chronology Barcode Date last seen Price effective from Koha item type
        Indian Institute of Public Administration Indian Institute of Public Administration 2018-07-19 Volume no: 38, Issue no: 2 AR56832 2018-07-19 2018-07-19 Articles

Powered by Koha